| 000 | 01102nam a2200289 i 4500 | ||
|---|---|---|---|
| 001 | 133521 | ||
| 003 | ES-MaACL | ||
| 005 | 20230929062534.0 | ||
| 007 | t| | ||
| 008 | 070820s1984 sp h |||| | spa d | ||
| 020 | _a84-276-0694-X | ||
| 080 | _a811.134.2'36"1771" | ||
| 245 | 0 | 0 |
_aGramática de la lengua castellana, 1771 / _cReal Academia Española ; edición facsímil y apéndice documental, Ramón Sarmiento. |
| 260 |
_aMadrid : _bEditora Nacional, _c1984. |
||
| 300 |
_a535 p. ; _c21 cm. |
||
| 490 | 1 |
_aClásicos para una biblioteca contemporánea. _aLiteratura ; _v43 |
|
| 504 | _aBibliografía: p. 79-81. | ||
| 534 |
_pReprod. facs. de la ed de: _cMadrid: J. de Ibarra, 1771. |
||
| 650 | 4 |
_aLengua española- _xGramática- _y1771. _914162 |
|
| 655 | 7 |
_2tgfbne _9226495 _aFacsímiles |
|
| 700 | 1 |
_aSarmiento, Ramón. _9103833 |
|
| 710 | 2 |
_aReal Academia Española _96336 |
|
| 830 | 0 |
_aClásicos para una biblioteca contemporánea. _aLiteratura ; _v43 _9180989 |
|
| 852 |
_aES-MaACL _jE-11967 _z. - Biblioteca Jacinto Martínez Lacalle |
||
| 942 | _2udc | ||
| 999 |
_c133521 _d133521 |
||